Design of a single blade spiral casing pump
Gespeichert in:
| 1. Verfasser: | |
|---|---|
| Weitere Verfasser: | |
| Format: | Manuskript Buch |
| Sprache: | Slowakisch Englisch |
| Veröffentlicht: |
2019
|
| Schlagworte: | |
| Online-Zugang: | http://is.stuba.sk/zp/portal_zp.pl?podrobnosti=138217 |
| Tags: |
Keine Tags, Fügen Sie das erste Tag hinzu!
|
MARC
| LEADER | 00000ntm a22000003a 4500 | ||
|---|---|---|---|
| 001 | stuzp73534 | ||
| 003 | SK-STU | ||
| 005 | 20190608212011.0 | ||
| 007 | ta | ||
| 008 | 150427s2015----xo-----f-mn---000-0-slo-d | ||
| 040 | |a STU |b slo | ||
| 041 | 0 | |a eng | |
| 100 | 1 | |a Šlachtič, Dušan |u 020060 |k Z4 |4 aut |U SjF Strojnícka fakulta |T SjF Ústav energetických strojov a zariadení |X 56601 |U J0060 |Y 805 |7 56601 | |
| 242 | 0 | 1 | |a Návrh čerpadla s jednolopatkovým obežným kolesom a špirálou |y slo |
| 245 | 1 | 0 | |a Design of a single blade spiral casing pump |
| 260 | |c 2019 | ||
| 650 | 4 | |a obežné koleso |2 slo | |
| 650 | 4 | |a prietok |2 slo | |
| 650 | 4 | |a špecifická energia |2 slo | |
| 650 | 4 | |a účinnosť |2 slo | |
| 650 | 4 | |a CFD simulácia |2 slo | |
| 650 | 4 | |a specific energy |2 eng | |
| 650 | 4 | |a flowrate |2 eng | |
| 650 | 4 | |a efficiency |2 eng | |
| 650 | 4 | |a impeller |2 eng | |
| 650 | 4 | |a CFD simulation |2 eng | |
| 700 | 1 | |a Knížat, Branislav |u 020060 |k Z1 |4 ths |U SjF Strojnícka fakulta |T SjF Ústav energetických strojov a zariadení |X 2371 |U J0060 |Y 805 |7 A000002371 | |
| 856 | 4 | |u http://is.stuba.sk/zp/portal_zp.pl?podrobnosti=138217 | |
| 996 | |b 284J046053 |c J* 3163/DDP |l JJSK |s A |a 24 |w stuzp73534_0001 | ||